[Event "Kinross USSA op"]
[Site "Kinross"]
[Date "2018.07.06"]
[Round "9"]
[White "Maredi, Alex Donald Lebogan"]
[Black "Mboyisa, Ndumiso"]
[Result "1-0"]
[WhiteElo "1791"]
[BlackElo "1495"]
[PlyCount "83"]
[EventDate "2018.07.02"]
[EventType "swiss"]
[EventRounds "9"]
[EventCountry "RSA"]
[SourceTitle "CBM 185 Extra"]
[Source "ChessBase"]
[SourceDate "2018.07.29"]
[SourceVersion "1"]
[SourceVersionDate "2018.07.29"]
[SourceQuality "1"]

1. Nf3 d5 2. c4 c6 3. g3 Nf6 4. Bg2 e6 5. b3 Nbd7 6. Bb2 Bd6 7. d4 Ne4 8. 0-0 f5 9. Nbd2 Ndf6 10. Ne5 0-0 11. f3 Nxd2 12. Qxd2 Bd7 13. Rae1 Be8 14. Nd3 Bg6 15. Nf4 Qe7 16. Nxg6 hxg6 17. Qg5 Qf7 18. e4 Be7 19. Qd2 Rfe8 20. Kh1 a5 21. a3 a4 22. cxd5 exd5 23. e5 Nh7 24. b4 Nf8 25. Qd3 Ne6 26. f4 Nc7 27. Rf2 Qe6 28. Bh3 Rf8 29. Rg1 Rf7 30. Qc2 Kf8 31. Rfg2 Ke8 32. g4 Kf8 33. gxf5 gxf5 34. Rg6 Qd7 35. Qd3 Bh4 36. Qf3 Qe7 37. Qh5 Ke8 38. Bxf5 Qf8 39. Qxh4 Rxf5 40. Rxg7 Rxf4 41. Qh5+ Kd8 42. Rg8 1-0